Computer Vision In Robotics And Industrial Applications (Record no. 340245)
[ view plain ]
| 000 -LEADER | |
|---|---|
| fixed length control field | 00593nam a2200169Ia 4500 |
| 008 - FIXED-LENGTH DATA ELEMENTS--GENERAL INFORMATION | |
| fixed length control field | 230718s9999 xx 000 0 und d |
| 020 ## - INTERNATIONAL STANDARD BOOK NUMBER | |
| International Standard Book Number | 9789814583718 |
| 041 ## - LANGUAGE CODE | |
| Language code of text/sound track or separate title | eng |
| 082 ## - DEWEY DECIMAL CLASSIFICATION NUMBER | |
| Classification number | 006.37 |
| Item number | SAN |
| 100 ## - MAIN ENTRY--PERSONAL NAME | |
| Personal name | Sankowski D. (Editor) |
| 9 (RLIN) | 197883 |
| 245 ## - TITLE STATEMENT | |
| Title | Computer Vision In Robotics And Industrial Applications |
| Remainder of title | Series In Computer Vision - Vol.3 |
| 260 ## - PUBLICATION, DISTRIBUTION, ETC. (IMPRINT) | |
| Date of publication, distribution, etc. | 2014 |
| Name of publisher, distributor, etc. | World Scientific |
| 300 ## - PHYSICAL DESCRIPTION | |
| Extent | 563 |
| Accompanying material [OBSOLETE, CAN/MARC] | Ref 1640 E ME (51452) |
| 365 ## - TRADE PRICE | |
| Currency code | Rs. |
| Price amount | 9960.40 |
| 700 ## - ADDED ENTRY--PERSONAL NAME | |
| Personal name | Sankowski D. (Editor) & Nowakowski J. (Editor) |
| 9 (RLIN) | 197884 |
| 906 ## - LOCAL DATA ELEMENT F, LDF (RLIN) | |
| d | O:0463302-Sep-2015B:IN 50007-Jul-2015 |
| c | ME ETC |
| b | 2490.1 |
| Withdrawn status | Lost status | Source of classification or shelving scheme | Reference No | Damaged status | Not for loan | Home library | Current library | Date acquired | Vendor | Budget Code | Cost, normal purchase price | Bill number | Full call number | Barcode | Date last seen | Discount | Cost, replacement price | Bill Date | Koha item type | Original Barcode |
|---|---|---|---|---|---|---|---|---|---|---|---|---|---|---|---|---|---|---|---|---|
| Dewey Decimal Classification | Ref 1640 E (51452) | Reference | Cummins College of Engineering for Women Pune | Cummins College of Engineering for Women Pune | 02/09/2015 | Pradeep Book Distributors | ME ETC | 7470.30 | IN 500 | 006.37 | CCEP-BK-51452 | 18/07/2023 | 2490.1 | 9960.40 | 07/07/2015 | Books | 051452 |